LEADER 01309nam 2200349Ia 450 001 996385305603316 005 20200824132225.0 035 $a(CKB)4940000000074613 035 $a(EEBO)2248528427 035 $a(OCoLC)ocm12018797e 035 $a(OCoLC)12018797 035 $a(EXLCZ)994940000000074613 100 $a19850510d1661 uy | 101 0 $aeng 135 $aurbn||||a|bb| 200 14$aThe banner of love, under which the Royal Army is preserved, and safely conducted$b[electronic resource] $ebeing a clear and perfect way out of wars & contentions : with a short testimony unto the way of peace, given forth for the edification and comfort of all that truly fear God /$fwritten by ... William Smith 210 $aLondon $cPrinted for Robert Wilson ...$d1661 215 $a23, [2] p 300 $aReproduction of original in Duke University Library. 300 $aSigned at end: William Smith. 330 $aeebo-0040 606 $aSociety of Friends 615 0$aSociety of Friends. 700 $aSmith$b William$fd. 1673.$0845826 801 0$bEAA 801 1$bEAA 801 2$bm/c 801 2$bWaOLN 906 $aBOOK 912 $a996385305603316 996 $aThe banner of love, under which the Royal Army is preserved, and safely conducted$92422510 997 $aUNISA LEADER 01351nam 2200469 450 001 9910830959203321 005 20201023081229.0 010 $a1-119-74731-7 010 $a1-119-74730-9 010 $a1-119-74732-5 035 $a(CKB)4100000011248748 035 $a(MiAaPQ)EBC6247779 035 $a(JP-MeL)3000132091 035 $a(Au-PeEL)EBL6247779 035 $a(OCoLC)1164501950 035 $a(EXLCZ)994100000011248748 100 $a20201023d2020 uy 0 101 0 $aeng 135 $aurcnu|||||||| 181 $ctxt$2rdacontent 182 $cc$2rdamedia 183 $acr$2rdacarrier 200 10$a2020 not-for-profit accounting and auditing update /$fby Melisa F. Galasso 210 1$aDurham, North Carolina :$cWiley,$d[2020] 210 4$d2020 215 $a1 online resource (185 pages) 300 $aIncludes index. 311 $a1-119-74720-1 606 $aNonprofit organizations$xAccounting 615 0$aNonprofit organizations$xAccounting. 676 $a657.98 686 $a335.89$2njb/09 686 $a657.98$2njb/09 686 $a336.9$2njb/09 700 $aGalasso$b Melisa F.$01607151 801 0$bMiAaPQ 801 1$bMiAaPQ 801 2$bMiAaPQ 906 $aBOOK 912 $a9910830959203321 996 $a2020 not-for-profit accounting and auditing update$93933294 997 $aUNINA